Stratejik yönetim (Record no. 3441)

MARC details
000 -BAŞLIK
Sabit Uzunlukta Kontrol Alanı 00795na a2200289 4500
001 - KONTROL NUMARASI
Denetim Alanı 12956
003 - KONTROL NUMARASI IDENTIFIER
Denetim Alanı MIRAKIL
005 - SON İŞLEM TARİHİ VE ZAMANI
Denetim Alanı 20181213154931.0
008 - SABİT-BOY VERİ ELEMANLARI - GENEL BİLGİLER
Sabit Uzunlukta Kontrol Alanı 161023b tu 000 0
020 ## - ULUSLARARASI STANDART KİTAP NUMARASI
Uluslararası Standart Kitap Numarası 9786058808430
035 ## - SİSTEM KONTROL NUMARASI
Sistem Kontrol Numarası 12956
040 ## - KATALOGLAMA KAYNAK
Orijinal Kataloglama Ajansı Milas
Kataloglama Dili tur
Metne Dönüştürmek Ajansı TR-AnCHP
041 ## - DİL KODU
Metin / Ses Parça Veya Ayrı Başlığın Dil Kodu tur
082 ## - DEWEY ONLU SINIFLANDIRMA NUMARASI
Sınıflandırma Numarası 658.4
Ürün Numarası Y29s 2011
090 ## - SINIFLAMA NUMARASI
Sınıflama Numarası 658.4 Y29s 2011
100 ## - ANA GİRİŞ - KİŞİSEL İSİM
Kişisel Ad Yazgan, Tugay
245 ## - BAŞLIK TABLOSU
Başlık Stratejik yönetim
Sorumluluk Tablosu, Vb Tugay Yazgan
260 ## - YAYIN, DAĞITIM, VB
Yayın, Dağıtım, Vb Yeri İzmir
Yayıncı, Dağıtıcı, Vs Adı Konak Belediyesi Kültür Yayınları
Yayın, Dağıtım, Vb Tarihi 2011
300 ## - FİZİKSEL TANIM
Kapsam 216 s
Boyutlar 20 sm
440 ## - SERİSİ TABLOSU / KATMA GİRİŞİ - BAŞLIK
Başlık Konak Belediyesi Kültür Yayınları
Hacim / Ardışık Tanımı 6
504 ## - KAYNAKÇA VB NOT
Kaynakça Vb Notu Kaynakça var.
650 ## - KONU KATMA GİRİŞ - TOPİKAL DÖNEM
Topikal Süreli Veya Coğrafi Ad Giriş Elemanı Toplam kalite yönetimi
650 ## - KONU KATMA GİRİŞ - TOPİKAL DÖNEM
Topikal Süreli Veya Coğrafi Ad Giriş Elemanı Kriz yönetimi
Genel Alt Bölümü Planlama
650 ## - KONU KATMA GİRİŞ - TOPİKAL DÖNEM
Topikal Süreli Veya Coğrafi Ad Giriş Elemanı Stratejik planlama
Genel Alt Bölümü Yönetim
942 ## - EKLENDİ GİRİŞ ELEMANLARI (KOHA)
Sınıflandırma Veya Raf Düzeni Kaynak
Koha Öğesi Türü Books
999 ## - SİSTEM KONTROL NUMARALARI (KOHA)
Koha Biblionumber 3441
Koha Biblioitemnumber 3441
657 ## - INDEX SÜRE - İŞLEVİ
-- İş'te başarı
Holdings
Kalıcı Konum Mevcut Konum Edinme Tarihi Edinim Kaynak Toplam Check-Out'Lar Tam Çağrı Numarası Barkod Tarih Son Görülme İtibaren Geçerli Fiyatlar Koha Öğesi Türü Kopya Sayısı Kontrol Edildi Tarihi Geçen Teslim
CHP Kütüphanesi CHP Kütüphanesi 10/13/2016 Bağış   658.4 Y29s 2011 006880 10/13/2016 10/13/2016 Books k.2    
CHP Kütüphanesi CHP Kütüphanesi 10/23/2016 Bağış 1 658.4 Y29s 2011 007101 03/22/2024 10/23/2016 Books k.3 04/11/2024 03/22/2024
Parti Okulu Kütüphanesi Parti Okulu Kütüphanesi 08/03/2016 Bağış   658.4 Y29s 2011 P00622 08/03/2016 08/03/2016 Books